000 00978nam a2200241 i 4500
001 18957
003 ES-MaACL
005 20231222184225.0
007 t|
008 020508s1996 sp |||| |dspa j
020 _a84-7907-201-6
080 _a012 Baroja, Pío (064.3)
080 _a016:821.134.2 Baroja, Pío 1.06(064.3)
245 0 0 _aPío Baroja, todavía
_b: exposición : del 30 de octubre al 7 de diciembre de 1996 = Pío Baroja, gaur ere : erakusketa : 1996eko urriaren 30etik abenduaren 7a bitartean.
260 _a[San Sebastián] :
_bGipuzkoako Foru Aldundia, Kultura eta Euskara Dpartamentua = Diputación Foral de Gipúzcoa, Departamento de Cultura y Euskera,
_cD.L. 1996.
300 _a53 p ;
_c21 cm.
500 _aTexto en español y en vasco.
600 1 4 _aBaroja, Pío,
_d1872-1956-
_vExposiciones
_925757
655 7 _2tgfbne
_9193628
_aCatálogos de exposiciones
852 _aES-MaACL
_jL-25425
942 _2udc
999 _c18957
_d18957